Business environment and foreign direct investments in Visegrad countries
Analýza vplyvu vybraných ukazovateľov podnikateľského prostredia na prílev priamych zahraničných investícií do Vyšehradských krajín v období 2005-2014. Kontroverzné závery, vysoká nezamestnanosť ako dôležitý faktor.
Enregistré dans:
| Auteur principal: | |
|---|---|
| Autres auteurs: | |
| Format: | Chapitre de livre |
| Langue: | anglais |
| Sujets: | |
| Tags: |
Pas de tags, Soyez le premier à ajouter un tag!
|
MARC
| LEADER | 00000naa$a2200000$$$4500 | ||
|---|---|---|---|
| 001 | 0227095 | ||
| 005 | 20240502083609.4 | ||
| 041 | 0 | |a eng | |
| 044 | |a CZ | ||
| 245 | 1 | 0 | |a Business environment and foreign direct investments in Visegrad countries |c Aneta Bobenič Hintošová, Zuzana Kubíková |
| 520 | |a Analýza vplyvu vybraných ukazovateľov podnikateľského prostredia na prílev priamych zahraničných investícií do Vyšehradských krajín v období 2005-2014. Kontroverzné závery, vysoká nezamestnanosť ako dôležitý faktor. | ||
| 610 | 2 | 0 | |a prostredie podnikateľské |
| 610 | 2 | 0 | |a investície priame zahraničné |
| 610 | 2 | 0 | |a analýza štatistická |
| 610 | 2 | 0 | |a konkurencieschopnosť |
| 610 | 2 | 0 | |a sloboda ekonomická |
| 610 | 2 | 0 | |a nezamestnanosť |
| 610 | 2 | 0 | |a Vyšehradská štvorka |
| 100 | 1 | |a Bobenič Hintošová, Aneta, 1979- | |
| 700 | 1 | |a Kubíková, Zuzana | |